Middle East Countries: No Vowels. - Statistics

General Stats
  • This quiz has been taken 99 times
  • The average score is 16 of 16
Answer Stats
Hint Answer % Correct
CYPRS Cyprus
100%
GYPT Egypt
100%
JRDN Jordan
100%
KWT Kuwait
100%
LBNN Lebanon
100%
QTR Qatar
100%
SD RB Saudi Arabia
100%
SYR Syria
100%
TRKY Turkey
100%
YMN Yemen
100%
BHRN Bahrain
99%
RQ Iraq
98%
MN Oman
95%
RN Iran
93%
NTD RB MRTS United Arab Emirates
93%
SRL Israel
84%
No matching quizzes found
Score Distribution
Percent of People with Each Score
Percentile by Number Answered
Your Score History
You have not taken this quiz